World Chess Champions by Picture - Statistics

General Stats
  • This quiz has been taken 96 times
  • The average score is 13 of 16
Answer Stats
Picture Answer % Correct
Magnus Carlsen
94%
Bobby Fischer
93%
Garry Kasparov
93%
Viswanathan Anand
93%
Mikhail Tal
87%
José Raúl Capablanca
82%
Anatoly Karpov
81%
Vladimir Kramnik
81%
Alexander Alekhine
78%
Boris Spassky
78%
Wilhelm Steinitz
78%
Emanuel Lasker
74%
Mikhail Botvinnik
74%
Max Euwe
66%
Tigran Petrosian
66%
Vasily Smyslov
56%
No matching quizzes found
Score Distribution
Percent of People with Each Score
Percentile by Number Answered
Your Score History
You have not taken this quiz